01279naa#a2200229#i#4500001002000000005001700020011001400037100004100051102000700092200024100099210007800340215001100418606004000429608004500469675017500514686007100689686008500760686007800845700005200923700005800975856001601033RU\RIOR\bibl\12570020260629121207.1##a2409-6024##a20260530b2026####ek#y0rusy0150####ca##aRU1#aАДАПТАЦИЯ КОЭФФИЦЕНТНОГО АНАЛИЗА К ОЦЕНКЕ ФИНАНСОВОЙ ЭФФЕКТИВНОСТИ КАПИТАЛОЁМКИХ НЕФТЕДОБЫВАЮЩИХ КОМПАНИЙeЖурнальная статья1#aМоскваcООО "Издательский Центр РИОР"d2026##a12 с.##aЭкономика. 38.04.012local##aЖурнальная статья2local##aРегиональная (территориальная) экономика. Земельный (аграрный) вопрос. Жилищное хозяйство. 332##aЭкономика. Экономические науки. 652bbk##aЭкономика. Бухгалтерский учет. Финансы. 772tbk##aЭКОНОМИКА И ЭКОНОМИЧЕСКИЕ НАУКИ. 06.002grnti#1aСмыкgВиктория Максимовна#1aЛяльковаgЕвгения Евгеньевна4#ariorpub.com